000 00402nam a22001577a 4500
005 20160428144358.0
008 160428b xxu||||| |||| 00| 0 eng d
041 _aeng
082 _b00647
100 _aHorowitz, Ellis
_9171
245 _aFundamentals of Data Structures
260 _aNew Delhi
_bGalgotia Publ. Pvt. Ltd.
_c1983
300 _a564
650 _aInformation Technology
_9137
942 _cBK
999 _c185
_d185